000 00677nam a22002297a 4500
003 UA-OsUOA
001 37598
007 ta
008 20070424b un ||||| |||| 00| 0 ukr d
090 _a050
_bБ98
942 _cMG
040 _aUA-OsUOA
_bukr
_cUA-OsUOA
_dUA-OsUOA
245 _aБюлетень КІУСу
300 _a15 с.
955 _a1
041 _aukr
080 _a050
260 _aЕдмонтон
_bКІУС
310 _aОсінь 2005
650 7 _a050 Серійні публікації. Періодика галузі, Організація та інші типи поєднання (співробітництва)
_2UDC
999 _c436123
_d436123